Quante zampe ha? - Statistics

Statistiche generali
  • Questo quiz è stato fatto 71 volte
  • Il punteggio medio è 6 su 8
Statistiche sulle risposte
Hint Risposta % Corretto
Cane 4
96%
Serpente 0
90%
Struzzo 2
90%
Ragno 8
87%
Stella Marina 5
81%
Formica 6
73%
Scolopendra 44
63%
Granchio 10
33%
Nessun quiz corrispondente trovato
Distribuzione punteggi
Percentuale di utenti per punteggio
Percentile per numero di risposta
I tuoi punteggi nel tempo
Non hai fatto questo quiz